Robert De Niro Oscar Nominated Roles - Statistics

General Stats
  • This quiz has been taken 44 times
  • The average score is 6 of 8
Answer Stats
Release Year Movie % Correct
1980 Raging Bull
92%
1976 Taxi Driver
92%
1974 The Godfather Part II
90%
2019 The Irishman
82%
1991 Cape Fear
64%
1978 The Deer Hunter
64%
2012 Silver Linings Playbook
54%
1990 Awakenings
46%
No matching quizzes found
Score Distribution
Percent of People with Each Score
Percentile by Number Answered
Your Score History
You have not taken this quiz